Our oneness with Christ: (Record no. 12659)

000 -LEADER
fixed length control field 00591nam a2200181 a 4500
001 - CONTROL NUMBER
control field :::00010472$&:&@@
003 - CONTROL NUMBER IDENTIFIER
control field OkBaRHE
005 - DATE AND TIME OF LATEST TRANSACTION
control field 20000607103359.0
008 - FIXED-LENGTH DATA ELEMENTS--GENERAL INFORMATION
fixed length control field s1980 j 000 0 eng u
040 ## - CATALOGING SOURCE
Transcribing agency
100 1# - MAIN ENTRY--PERSONAL NAME
Personal name Kuykendall, David.
245 10 - TITLE STATEMENT
Title Our oneness with Christ:
Remainder of title a study in living by grace through faith.
260 ## - PUBLICATION, DISTRIBUTION, ETC. (IMPRINT)
Place of publication, distribution, etc Dallas, TX., :
Name of publisher, distributor, etc Calvary Baptist Church of Oak Cliff
Date of publication, distribution, etc c1980
300 ## - PHYSICAL DESCRIPTION
Extent 119 p. ;
Dimensions 22 cm.
650 ## - SUBJECT ADDED ENTRY--TOPICAL TERM
Topical term or geographic name as entry element Christian Life
942 ## - ADDED ENTRY ELEMENTS (KOHA)
Source of classification or shelving scheme
Koha item type Books
Copies
Not for loan Price effective from Lost status Withdrawn status Date last seen Damaged status Permanent Location Barcode Source of classification or shelving scheme Koha item type Date acquired Full call number Shelving location Copy number
 2010-04-14  2010-04-14 RHEMA Bible Training College10472 Books2010-04-14BV 4501 .K8General Stacks1